| 000 | 00418nam a2200157Ia 4500 | ||
|---|---|---|---|
| 008 | 151213s9999 xx 000 0 und d | ||
| 100 | _aK. K. Dewett & Adarsh Chand | ||
| 245 |
_aModern Economic Theory _cK. K. Dewett & Adarsh Chand |
||
| 250 | _a4th | ||
| 260 |
_aNew Dilhi _bChand _c2005 |
||
| 300 | _a2323 p. | ||
| 650 | _aEconomics | ||
| 650 | _aEconomics | ||
| 700 | _aK. K. Dewett & Adarsh Chand | ||
| 999 |
_c1652 _d1652 |
||